000 00334nam a2200145Ia 4500
008 210210b1934 xxu||||| |||| 00| 0 eng d
041 _aeng
082 _a590/96
100 _aFOX (H Munro)
245 _aBiology
260 _aCambridge
_bAt the University Press
_c1934
650 _aBiology
690 _aZoology
906 _a010668
999 _c138439
_d138439